Опытные данные по определению температуры паров при простой перегонке смесей; Современные техника и технологии; Т. 3

Bibliographic Details
Parent link:Современные техника и технологии: сборник трудов XVI Международной научно-практической конференции студентов, аспирантов и молодых ученых, Томск, 12-16 апреля 2010 г/ Национальный исследовательский Томский политехнический университет (ТПУ).— , 2010
Т. 3.— 2010.— [С. 214-215]
Main Author: Феоктистов Д. В. Дмитрий Владимирович
Other Authors: Логинов В. С. Владимир Степанович
Summary:Заглавие с титульного листа
Электронная версия печатной публикации
Language:Russian
Published: 2010
Subjects:
Online Access:http://www.lib.tpu.ru/fulltext/c/2010/C01/V1/101.pdf
Format: Electronic Book Chapter
KOHA link:https://koha.lib.tpu.ru/cgi-bin/koha/opac-detail.pl?biblionumber=235739

MARC

LEADER 00000naa2a2200000 4500
001 235739
005 20260105125404.0
035 |a (RuTPU)RU\TPU\book\256879 
035 |a RU\TPU\book\256777 
090 |a 235739 
100 |a 20130416d2010 k y0rusy50 ca 
101 0 |a rus 
102 |a RU 
135 |a drnn ---uucaa 
181 0 |a i  
182 0 |a b 
200 1 |a Опытные данные по определению температуры паров при простой перегонке смесей  |f Д. В. Феоктистов, В. С. Логинов 
203 |a Текст  |c электронный 
215 |a 1 файл (210 Кб) 
300 |a Заглавие с титульного листа 
300 |a Электронная версия печатной публикации 
337 |a Adobe Reader 
461 0 |0 (RuTPU)RU\TPU\book\245271  |t Современные техника и технологии  |o сборник трудов XVI Международной научно-практической конференции студентов, аспирантов и молодых ученых, Томск, 12-16 апреля 2010 г  |o в 3 т.  |f Национальный исследовательский Томский политехнический университет (ТПУ)  |d 2010 
463 0 |0 (RuTPU)RU\TPU\book\255783  |t Т. 3  |v [С. 214-215]  |d 2010 
610 1 |a электронный ресурс 
610 1 |a труды учёных ТПУ 
610 1 |a пар 
610 1 |a температура 
610 1 |a температурные измерения 
610 1 |a экспериментальные данные 
610 1 |a смеси 
610 1 |a кипение 
610 1 |a теплоотдача 
610 1 |a перегонка 
610 1 |a перегонные установки 
610 1 |a зависимости 
610 1 |a уравнения 
610 1 |a термограммы 
700 1 |a Феоктистов  |b Д. В.  |c специалист в области теплотехники  |c доцент; заместитель директора Томского политехнического университета, кандидат технических наук  |f 1983-  |g Дмитрий Владимирович  |3 (RuTPU)RU\TPU\pers\27998  |9 12987 
701 1 |a Логинов  |b В. С.  |c специалист в области теплотехники  |c профессор Томского политехнического университета, доктор физико-математических наук  |f 1942-  |g Владимир Степанович  |3 (RuTPU)RU\TPU\pers\22705 
801 1 |a RU  |b 63413507  |c 20130213 
801 2 |a RU  |b 63413507  |c 20130522  |g RCR 
856 4 |u http://www.lib.tpu.ru/fulltext/c/2010/C01/V1/101.pdf 
942 |c CF